Arrendamiento de vivienda

Detalles Bibliográficos
Autor principal: Sǹchez Garca̕, Pilar Luisa
Formato: Desconocido
Lenguaje:español
Publicado: Madrid: Boletn̕ Oficial del Estado, 2005
Materias:
Acceso en línea:Acceso restringido

MARC

LEADER 00000ny a22000003n 4500
005 2011052300030.0
008 080508t2005 sp s 000 0 spa c
020 |a 8434014858 
035 |a 1802 
040 |a UMA.RE  |d vLex 
080 |a 347.453.3(460)(0.034) 
090 |c 154  |d 154 
100 1 |a Sǹchez Garca̕, Pilar Luisa 
245 1 0 |a Arrendamiento de vivienda  |h [Recurso electrn̤ico]  |c Pilar Luisa Sǹchez Garca̕ 
256 |a Servicio en ln̕ea 
260 |a Madrid:  |b Boletn̕ Oficial del Estado,  |c 2005 
506 1 |a Contenido solo disponible en los productos indicados  |d vLex Global  |d vLex Global (Academic Edition, excluding Law Schools)  |d vLex Global (U.S. Academic Edition, Law Schools)  |d vLex Global (U.S. Academic Edition, excluding Law Schools)  |d vLex Global (Academic Edition, Law Schools) 
650 0 7 |a Civil  |2 Tesauro vLex 
650 0 7 |a Contrato de arrendamiento  |2 Tesauro vLex 
650 0 7 |a Arrendamiento de vivienda  |2 Tesauro vLex 
650 0 7 |a Arrendamientos urbanos  |2 Tesauro vLex 
740 0 |a vLex Libros (Servicios en ln̕ea) 
856 4 0 |u http://vlex.com/source/1802  |z Acceso restringido 
942 |c BOOK 
999 0 |a Civil Law   |b Spain 
999 0 |a Leases  |b Spain